000 00440nam a22001217a 4500
999 _c9939
_d9939
003 OSt
008 201217b ||||| |||| 00| 0 eng d
245 _aPranjana : The Journal of Management Awareness
250 _a2016(Jan-Jun Vol.19 No.1, Jul-Dec Vol.19 No.2, Jan-Jun Vol.20 No.1) 2017(Jul-Dec Vol.20 No.2) 2018(Jan-Jun Vol.21 No.1, Jul-Dec Vol.21 No.2)
260 _aNew Delhi
_bInmantec Publishing
650 _aManagement
942 _2ddc
_cBV